000 00789nam a2200241 i 4500
001 bg
100 1 _aBARTOSIEWICZ, Józef
245 1 0 _aObróbka skrawaniem oraz elementy obrabiarek /
_cJózef Bartosiewicz ; Politechnika Gdańska.
260 _aGdańsk :
_bWydaw. PG,
_c1997.
300 _a244, [1] s., [1] k. tabl. złoż. :
_brys., wykr. ;
_c24 cm.
504 _aBibliogr. s. [245].
521 _aSkrypt dla studentów II roku Wydz. Mechanicznego oraz Oceanotechniki i Okrętownictwa.
650 9 _aObrabiarki
_xbudowa i konstrukcje
650 9 _aSkrawanie
655 _aPodręczniki akademickie
020 _a838653737X
040 _cBPK
041 0 _apl
080 _a621.9(075.8)
920 _a83-86537-37-X
942 _cKS
008 s pl f |000 0 pol
999 _c31553
_d31553
856 _uhttp://koha.tu.koszalin.pl/cgi-bin/koha/opac-detail.pl?biblionumber=31553
_yKatalog online BPK